000 00765nam a22002177a 4500
999 _c13394
_d13394
008 190309b ||||| |||| 00| 0 eng d
020 _a9789004218024
082 _22011
_aAV-Eb 796.8095
_bK749
100 _aKnutsen, Roald.
_937439
245 _aTengu:
_bthe shamanic and esoteric origins of the Japanese martial Arts /
_cRoald Knutsen
250 _aFirst Edition
260 _bBRILL,
_c©2011.
300 _a281 pages;
500 _aIncludes index.
650 _aFolklore -- Japan.
_937440
650 _aMartial arts -- Japan -- History.
_937441
650 _aShamanism -- Japan -- History.
_937442
700 _aKnutsen, Roald.
_937439
856 _yhttps://ebookcentral.proquest.com/lib/uniofmindanao-ebooks/detail.action?docID=1112809
942 _2ddc
_cEB